[Event "Challenge"]
[Site "http://www.queenalice.com/game.php?id=1047511"]
[Date "2012.4.10"]
[Round "-"]
[White "chouia"]
[Black "Nahid"]
[Result "0-1"]
[WhiteElo "1839"]
[BlackElo "1905"]

1. d4 d5 2. Nf3 Nf6 3. Bf4 e6 4. e3 c5 5. c4 Nc6 6. cxd5 Nxd5 7. Bg3 Qa5+ 8.
Nbd2 cxd4 9. exd4 Bb4 10. a3 Bxd2+ 11. Nxd2 Nxd4 12. Bc4 O-O 13. O-O Rd8 14. Be5
Qb6 15. Qg4 Nf5 16. Nf3 Nde7 17. Nh4 Ng6 18. Nxf5 exf5 19. Qg3 Nxe5 20. Qxe5 Bd7
21. Qe7 Qg6 22. Rfd1 f4 23. Rxd7 Rxd7 24. Qxd7 f3 25. Qxb7 Qxg2# 0-1

[Event "Challenge"]
[Site "http://www.queenalice.com/game.php?id=1047512"]
[Date "2012.4.10"]
[Round "-"]
[White "Nahid"]
[Black "chouia"]
[Result "1-0"]
[WhiteElo "1905"]
[BlackElo "1800"]

1. d4 d5 2. Nf3 Nf6 3. Bf4 Bf5 4. e3 e6 5. c4 Bb4+ 6. Nc3 Ne4 7. Rc1 O-O 8. Bd3
Nxc3 9. bxc3 Bxd3 10. Qxd3 Be7 11. cxd5 exd5 12. O-O h6 13. c4 c6 14. Qb3 b6 15.
Bxb8 Rxb8 16. cxd5 cxd5 17. Ne5 Qd6 18. Rc6 Qd8 19. Rfc1 Bg5 20. Rc7 a5 21. Nd7
Re8 22. Nxb8 Qxb8 23. Qxd5 Rf8 24. Rb7 Qd8 25. Qb3 Qd6 26. Rxb6 Qd7 27. a4 Be7
28. d5 Bb4 29. e4 Re8 30. Qc2 h5 31. Rc6 h4 32. Qd3 g5 33. d6 Re6 34. Rc8+ Kg7
35. Qd4+ Rf6 36. e5 Re6 37. f4 gxf4 38. Qxf4 h3 39. Qg4+ Kh7 40. Qxh3+ Kg6 41.
Rg8# 1-0

[Event "Challenge"]
[Site "http://www.queenalice.com/game.php?id=1047699"]
[Date "2012.4.10"]
[Round "-"]
[White "maurice91"]
[Black "chouia"]
[Result "1-0"]
[WhiteElo "1753"]
[BlackElo "1819"]

1. d4 d5 2. c4 c6 3. Nc3 Nf6 4. Nf3 Bf5 5. h3 e6 6. Bg5 Be7 7. cxd5 exd5 8. e3
O-O 9. Bd3 Ne4 10. Bxe7 Qxe7 11. Bxe4 Bxe4 12. Nxe4 Qxe4 13. O-O Nd7 14. Nd2 Qg6
15. Nf3 Nf6 16. Ne5 Qg5 17. Nf3 Qf5 18. Nd2 Ne4 19. Qe2 Rac8 20. Nxe4 Qxe4 21.
b4 b6 22. a4 h6 23. Rfc1 f5 24. f3 Qe7 25. Qd2 f4 26. Re1 fxe3 27. Rxe3 Qg5 28.
Rae1 Rf4 29. Re7 Rxf3 30. Rxa7 1-0

[Event "Challenge"]
[Site "http://www.queenalice.com/game.php?id=1050524"]
[Date "2012.4.19"]
[Round "-"]
[White "chouia"]
[Black "maurice91"]
[Result "0-1"]
[WhiteElo "1839"]
[BlackElo "1733"]

1. d4 d5 2. Nf3 Nf6 3. Bf4 c6 4. e3 Nbd7 5. Be2 c5 6. b3 e6 7. O-O b6 8. Bb5 a6
9. Bc6 Rb8 10. Bxb8 cxd4 11. Qxd4 Bc5 12. Bxd7+ Bxd7 13. Qf4 Nh5 14. Qe5 Nf6 15.
Bd6 Bxd6 16. Qxd6 Ne4 17. Qb4 a5 18. Qd4 Nf6 0-1

[Event "AUTO-ADV-2438"]
[Site "http://www.queenalice.com/game.php?id=1061762"]
[Date "2012.5.20"]
[Round "2"]
[White "pomar"]
[Black "chouia"]
[Result "1-0"]
[WhiteElo "2116"]
[BlackElo "1765"]

1. f3 d5 2. Kf2 e5 3. e3 Nc6 4. g3 Nf6 5. c4 d4 6. d3 Bc5 7. e4 Bd7 8. Bh3 O-O
9. Kg2 Bxh3+ 10. Nxh3 a6 11. f4 b5 12. b3 bxc4 13. bxc4 a5 14. fxe5 Nxe5 15. Bg5
Be7 16. Rf1 Nfg4 17. Bc1 Bb4 18. Nf2 Qd7 19. Nxg4 Nxg4 20. Rf4 f5 21. exf5 Ne3+
22. Bxe3 dxe3 23. a3 Qc6+ 24. Re4 Rxf5 25. axb4 Rf2+ 26. Kg1 Raf8 27. Nc3 axb4
28. Nd5 Qc5 29. Rxe3 Rf1+ 30. Qxf1 Rxf1+ 31. Rxf1 h6 32. Rf5 Qd4 33. Ne7+ Kh7
34. Kf2 b3 35. Rb5 Qb2+ 36. Re2 Qd4+ 37. Re3 Qb2+ 38. Kf3 Qf6+ 39. Kg2 b2 40.
Re2 Qd4 41. Rbxb2 Qxd3 42. Rbc2 c5 43. Nd5 Qg6 44. Nf4 Qc6+ 45. Nd5 Qa4 46. Rf2
Kg6 47. Ne3 Qa8+ 48. Kg1 Qa1+ 49. Kg2 Qa8+ 50. Rf3 Qe4 51. Kf2 Kh7 52. Rf5 Qd4
53. Ke2 Kg6 54. Rd5 Qe4 55. Rxc5 Qh1 56. Kd3 Qf3 57. Rd5 Qf6 58. c5 Qa6+ 59. Nc4
Qb5 60. Rd6+ Kf5 61. c6 Qb3+ 62. Rc3 Qb1+ 63. Kd4 Qg1+ 64. Ne3+ Kg5 65. Rc5# 1-0

[Event "AUTO-ADV-2438"]
[Site "http://www.queenalice.com/game.php?id=1061763"]
[Date "2012.5.20"]
[Round "2"]
[White "chouia"]
[Black "pomar"]
[Result "0-1"]
[WhiteElo "1788"]
[BlackElo "2040"]

1. d4 e6 2. Nf3 c5 3. Bg5 f6 4. Bh4 Qb6 5. b3 Nc6 6. e3 d5 7. Be2 cxd4 8. Nxd4
e5 9. Nxc6 bxc6 10. O-O Bd6 11. Nc3 Qb4 12. Na4 Qxh4 13. h3 e4 14. c4 Bxh3 15.
f4 exf3 16. Bxf3 Be6 17. Rf2 Bg3 18. Qe1 Nh6 19. Nc5 Bg4 20. Bxg4 Nxg4 21. Ne6
Bxf2+ 22. Kf1 Bxe1 23. Ke2 Qf2+ 24. Kd3 Qd2# 0-1

[Event "AUTO-ADV-2438"]
[Site "http://www.queenalice.com/game.php?id=1061764"]
[Date "2012.5.20"]
[Round "2"]
[White "arthurgomes"]
[Black "chouia"]
[Result "1-0"]
[WhiteElo "1932"]
[BlackElo "1766"]

1. e4 c5 2. Bc4 d6 3. Nf3 Nc6 4. O-O Nf6 5. Nc3 Bg4 6. h3 Bh5 7. Re1 Ne5 8. Be2
a6 9. d3 b5 10. Nxe5 Bxe2 11. Qxe2 g6 12. Ng4 Bg7 13. Nd5 Nxd5 14. exd5 Ra7 15.
Bg5 h6 16. Bf6 Bxf6 17. Nxf6+ Kf8 18. Ng4 h5 19. Nh2 Kg7 20. Nf3 Re8 21. c4 bxc4
22. dxc4 Rb7 23. Qe3 Qb8 24. b3 a5 25. Ng5 Rb4 26. Qf3 f6 27. Ne6+ Kf7 28. Re3
a4 29. Ng5+ Kg7 30. Ne4 axb3 31. axb3 Qb7 32. Nxd6 exd6 33. Rxe8 Rxb3 34. Re7+
Qxe7 35. Qxb3 Qe5 36. Ra7+ Kh6 37. Qe3+ 1-0

[Event "AUTO-ADV-2438"]
[Site "http://www.queenalice.com/game.php?id=1061765"]
[Date "2012.5.20"]
[Round "2"]
[White "chouia"]
[Black "arthurgomes"]
[Result "1-0"]
[WhiteElo "1742"]
[BlackElo "1927"]

1. d4 d5 2. Nf3 Nc6 3. c3 Bg4 4. e3 a6 5. Be2 Nf6 6. O-O g6 7. h3 Bc8 8. Qa4 Bd7
9. Qb3 e6 10. Nbd2 Bg7 11. Qxb7 O-O 12. Qb3 Ne4 13. Nxe4 dxe4 14. Nd2 Rb8 15.
Qa3 a5 16. Nxe4 Re8 17. Nc5 Bf8 18. b4 axb4 19. cxb4 Nxb4 20. Qc3 Nd5 21. Qc2
Nb4 22. Qc4 Bxc5 23. dxc5 Nd5 24. Bf3 Bb5 25. Qd4 Bxf1 26. Kxf1 Rb4 27. Qe5 c6
28. Bxd5 exd5 29. Qc3 Rc4 30. Qa3 Ree4 31. Qa7 d4 32. Qb6 dxe3 33. Qxd8+ Kg7 34.
Bxe3 h6 35. Qd6 Re6 36. Qd3 Rce4 37. Re1 Kh7 38. Qd7 Kg7 39. Bxh6+ Kxh6 40. Rxe4
Rxe4 41. Qxc6 Re6 42. Qd7 Kg7 43. c6 Kf8 44. c7 Re8 45. c8=Q Rxc8 46. Qxc8+ Kg7
47. a4 1-0

[Event "Challenge"]
[Site "http://www.queenalice.com/game.php?id=1064396"]
[Date "2012.5.26"]
[Round "-"]
[White "Nahid"]
[Black "chouia"]
[Result "1-0"]
[WhiteElo "1963"]
[BlackElo "1757"]

1. d4 d5 2. c4 c6 3. Nf3 Nf6 4. Nc3 Bf5 5. Bf4 e6 6. e3 Bb4 7. Bd3 Bg4 8. O-O
O-O 9. h3 Bxf3 10. Qxf3 Nbd7 11. cxd5 exd5 12. a3 Bxc3 13. bxc3 Qa5 14. Bd6 Rfe8
15. Bb4 Qc7 16. c4 dxc4 17. Bxc4 Nb6 18. Bb3 Nbd5 19. Be1 h6 20. Rc1 Qd6 21.
Bxd5 Nxd5 22. e4 Nc7 23. Rc4 Nb5 24. Bb4 Qe6 25. d5 cxd5 26. exd5 Qg6 27. a4 Nd6
28. Rg4 Qf5 29. Bxd6 Qxf3 30. gxf3 Rad8 31. Bc5 b6 32. Be3 Kh7 33. Re4 Rf8 34.
Re7 Rxd5 35. Rxa7 Rf5 36. Bxb6 Rxf3 37. Kg2 Rf6 38. a5 Rg6+ 39. Kh2 f5 40. Re1
Rc8 41. Rc7 Ra8 42. Ree7 f4 43. Rf7 1-0

[Event "Challenge"]
[Site "http://www.queenalice.com/game.php?id=1064397"]
[Date "2012.5.26"]
[Round "-"]
[White "chouia"]
[Black "Nahid"]
[Result "0-1"]
[WhiteElo "1749"]
[BlackElo "1971"]

1. f4 e6 2. e3 d5 3. Nf3 Nf6 4. Be2 c5 5. b3 d4 6. Bb2 dxe3 7. Nc3 exd2+ 8. Nxd2
Bd6 9. O-O a6 10. Nde4 Be7 11. Qxd8+ Kxd8 12. Ng5 Rf8 13. Rad1+ Ke8 14. Nce4
Nxe4 15. Nxe4 Rg8 16. Bh5 h6 17. Nd6+ Bxd6 18. Rxd6 b5 19. Rfd1 Ke7 20. Bg4 Bb7
21. f5 Bd5 22. R6xd5 exd5 23. Rxd5 Nd7 24. f6+ Nxf6 25. Re5+ Kf8 26. Rxc5 Nxg4
27. Ba3 Ke8 28. h3 Nf6 29. Bb2 Nd7 30. Rc3 f6 31. Re3+ Kf7 32. Rd3 Nc5 33. Rc3
Ne6 34. Rc6 b4 35. Rb6 a5 36. Rb7+ Kg6 37. Rb6 Rge8 38. c3 bxc3 39. Bxc3 Nf4 40.
Rc6 Re2 41. Rc4 Nd3 42. a4 Nb2 43. Rg4+ Kf7 44. Rd4 Rc2 0-1

[Event "Challenge"]
[Site "http://www.queenalice.com/game.php?id=1065514"]
[Date "2012.5.29"]
[Round "-"]
[White "chouia"]
[Black "plot24"]
[Result "0-1"]
[WhiteElo "1782"]
[BlackElo "1788"]

1. d4 d5 2. Nf3 e6 3. Bf4 Bd6 4. Bxd6 cxd6 5. e3 Nf6 6. Be2 Nc6 7. Bb5 Ne4 8.
Nbd2 O-O 9. Nxe4 dxe4 10. Nd2 f5 11. O-O a6 12. Ba4 Kh8 13. c4 Qg5 14. d5 Ne5
15. dxe6 Bxe6 16. Bb3 h5 17. h3 Rf6 18. Rc1 h4 19. c5 Bxb3 20. Nxb3 Rg6 21. g4
fxg4 22. Kh2 g3+ 23. fxg3 Qxg3+ 0-1

[Event "Challenge"]
[Site "http://www.queenalice.com/game.php?id=1074350"]
[Date "2012.6.20"]
[Round "-"]
[White "daxois"]
[Black "chouia"]
[Result "1-0"]
[WhiteElo "1755"]
[BlackElo "1763"]

1. f4 d5 2. Nf3 Nf6 3. e3 Ne4 4. b3 e6 5. Bb2 f6 6. Be2 Bb4 7. O-O O-O 8. c3 Ba5
9. Qc2 c5 10. c4 Nc6 11. Nc3 Nxc3 12. Bxc3 Bxc3 13. dxc3 d4 14. cxd4 cxd4 15.
Rad1 e5 16. c5 Qa5 17. fxe5 fxe5 18. Ng5 g6 19. Qc4+ Kg7 20. Rxf8 Kh6 21. Qg8
Kxg5 22. Qxh7 Qxc5 23. h4# 1-0

[Event "derby 91"]
[Site "http://www.queenalice.com/game.php?id=1080726"]
[Date "2012.7.9"]
[Round "-"]
[White "Rafale2000"]
[Black "chouia"]
[Result "1-0"]
[WhiteElo "2057"]
[BlackElo "1753"]

1. e4 g6 2. Nf3 Bg7 3. Bc4 Nf6 4. d3 O-O 5. Nc3 d6 6. Bg5 Bg4 7. h3 Be6 8. Bb3
Nc6 9. O-O Qd7 10. Re1 Nh5 11. d4 Bxh3 12. gxh3 Qxh3 13. Nb5 Qg4+ 14. Kh2 Nf4
15. Bxf4 Qxf4+ 16. Kg2 Qg4+ 17. Kf1 Qh3+ 18. Ke2 a6 19. Nxc7 Rac8 20. Nd5 Qg4
21. c3 Qxe4+ 22. Kd2 Qg4 23. Rg1 Qf5 24. Qe2 Na5 25. Nxe7+ 1-0

[Event "JO -20 "]
[Site "http://www.queenalice.com/game.php?id=1080728"]
[Date "2012.7.9"]
[Round "-"]
[White "chouia"]
[Black "Rafale2000"]
[Result "0-1"]
[WhiteElo "1749"]
[BlackElo "2078"]

1. d4 Nf6 2. Nf3 g6 3. Bg5 Bg7 4. c3 O-O 5. e3 d6 6. Bc4 Nbd7 7. O-O c6 8. Nbd2
b5 9. Bb3 Bb7 10. c4 h6 11. Bh4 Ba6 12. Re1 Re8 13. Rc1 Qb6 14. cxb5 cxb5 15. h3
Rac8 16. Bxf6 Bxf6 17. Ne4 Bg7 18. Nh2 Rc7 19. Qf3 e6 20. h4 Bb7 21. Qf4 Rec8
22. Nxd6 Rxc1 23. Qxf7+ Kh7 24. Kf1 Rxe1+ 25. Kxe1 Qxd6 26. Bxe6 Qb4+ 27. Ke2
Qxb2+ 0-1

[Event "Challenge"]
[Site "http://www.queenalice.com/game.php?id=1108523"]
[Date "2012.10.2"]
[Round "-"]
[White "chouia"]
[Black "daxois"]
[Result "0-1"]
[WhiteElo "1746"]
[BlackElo "2183"]

1. d4 Nf6 2. Nf3 e6 3. Bf4 c5 4. e3 d5 5. Bb5+ Bd7 6. a4 c4 7. Bxb8 Bxb5 8. axb5
Qxb8 9. Nc3 Bb4 10. O-O Bxc3 11. bxc3 Ne4 12. Ra3 O-O 13. Nd2 Qd6 14. Nxe4 Qxa3
15. Nc5 Qxc3 16. Qb1 a6 17. bxa6 bxa6 18. h3 a5 19. Rc1 Rfb8 20. Qa2 Qb2 21.
Qxb2 Rxb2 22. Na4 Rb4 23. Ra1 Rab8 24. Nc5 Rb1+ 25. Rxb1 Rxb1+ 26. Kh2 Rb2 0-1

[Event "leking-4"]
[Site "http://www.queenalice.com/game.php?id=1113490"]
[Date "2012.10.17"]
[Round "3"]
[White "chouia"]
[Black "leking"]
[Result "1-0"]
[WhiteElo "1773"]
[BlackElo "1597"]

1. d4 d5 2. Nf3 Nc6 3. c3 Bd7 4. Bf4 Nf6 5. h3 Ne4 6. Nbd2 Nxd2 7. Qxd2 g6 8.
Bh6 Bf5 9. Bxf8 Rxf8 10. Qh6 Qd6 11. Ng5 O-O-O 12. Qxh7 Qf6 13. Qh4 Rh8 14. Qg3
Rdg8 15. e4 Bxe4 16. Nxe4 dxe4 17. Bb5 Rd8 18. Qg4+ Kb8 19. Qxe4 Rh5 20. Bxc6
Rh4 21. Qe3 bxc6 22. O-O e6 23. Rab1 Qh8 24. Qf3 Rd6 25. Rfe1 Qh7 26. Re4 Rh5
27. Rbe1 Rdd5 28. c4 Rd8 29. Qb3+ Ka8 30. Qa4 Kb7 31. d5 Qg7 32. Qxc6+ Kb8 33.
dxe6 Rd6 34. Qe8+ Kb7 35. exf7 Rh8 36. Qe7 Rdd8 37. b4 Qf8 38. c5 Qxe7 39. Rxe7
Kc6 40. Re8 Rdxe8 41. fxe8=Q+ Rxe8 42. Rxe8 1-0

[Event "Challenge"]
[Site "http://www.queenalice.com/game.php?id=1123482"]
[Date "2012.11.18"]
[Round "-"]
[White "clovis"]
[Black "chouia"]
[Result "1-0"]
[WhiteElo "1886"]
[BlackElo "1782"]

1. e4 g6 2. d4 Bg7 3. Bc4 e6 4. Nf3 Nf6 5. e5 Nd5 6. Bxd5 exd5 7. O-O O-O 8. Bg5
f6 9. Bh4 Qe8 10. Re1 fxe5 11. Nxe5 Bxe5 12. Rxe5 Qf7 13. Re7 Qf5 14. Nc3 Nc6
15. Re1 Nb4 16. Re5 Qxc2 17. Nxd5 Qxd1+ 18. Rxd1 Nxd5 19. Rxd5 d6 20. Re1 Bf5
21. h3 Rae8 22. Rxe8 Rxe8 23. Rb5 b6 24. Rb3 Re2 25. Rc3 c5 26. dxc5 dxc5 27.
Rb3 Kg7 28. Bg3 Bc2 29. Ra3 Re1+ 30. Kh2 a5 31. Bc7 Re2 32. Bxb6 Rxf2 33. Bxc5
Rf5 34. Rxa5 Be4 35. Bd4+ Kh6 36. Be3+ Kg7 37. Ra7+ Kg8 38. Bd4 Rd5 39. Bc3 h5
40. a4 Rg5 41. g3 h4 42. g4 Rd5 43. Re7 Bc2 44. Kg2 Bxa4 45. Rg7+ Kf8 46. Rxg6
Bc2 47. Rh6 Be4+ 48. Kf2 Kf7 49. Rxh4 Kg6 50. Rh8 Kf7 51. h4 Bc2 52. g5 Rf5+ 53.
Ke3 Kg6 54. b4 Bd1 55. Rh6+ Kf7 56. Rf6+ Rxf6 57. Bxf6 1-0

[Event "Challenge"]
[Site "http://www.queenalice.com/game.php?id=1123483"]
[Date "2012.11.18"]
[Round "-"]
[White "chouia"]
[Black "clovis"]
[Result "1-0"]
[WhiteElo "1746"]
[BlackElo "2018"]

1. d4 d5 2. Nf3 Nf6 3. Bf4 Bf5 4. Ne5 e6 5. e3 Bd6 6. Bd3 Bxd3 7. Qxd3 O-O 8.
O-O c5 9. dxc5 Bxc5 10. c4 dxc4 11. Qxc4 Qd5 12. Qb5 Nc6 13. Nxc6 bxc6 14. Qb7
e5 15. Nc3 Qe6 16. Bg3 Rab8 17. Qa6 Rxb2 18. Na4 Rb5 19. Nxc5 Rxc5 20. Qxa7 Rc2
21. Qc7 e4 22. a4 Qd7 23. Qxd7 Nxd7 24. a5 Rb8 25. Bxb8 Nxb8 26. Rfd1 1-0

[Event "Partie de l'Avent"]
[Site "http://www.queenalice.com/game.php?id=1131582"]
[Date "2012.12.15"]
[Round "-"]
[White "daxois"]
[Black "chouia"]
[Result "1-0"]
[WhiteElo "2226"]
[BlackElo "1784"]

1. e4 g6 2. d4 Bg7 3. f4 e6 4. Nf3 Nf6 5. Bd3 O-O 6. O-O Nc6 7. c3 d5 8. Qe2
dxe4 9. Bxe4 Nxe4 10. Qxe4 Bd7 11. Nbd2 f5 12. Qe3 Re8 13. Nc4 b5 14. Nce5 Nxe5
15. Nxe5 Bxe5 16. Qxe5 Rf8 17. b3 c6 18. Bb2 Qf6 19. Qxf6 Rxf6 20. Ba3 a5 21.
Bd6 a4 22. b4 a3 23. Rf3 h6 24. Rh3 Kg7 25. Be5 h5 26. Re3 Kf7 27. Bxf6 Kxf6 28.
h4 Kf7 29. Kf2 Kf6 30. Rb1 Kf7 31. Re5 Ke7 32. Rc5 Kd6 33. Ke3 Re8 34. Kd3 Kc7
35. c4 bxc4+ 36. Kxc4 Ra8 37. Ra5 Rxa5 38. bxa5 Bc8 39. Rb6 Kd6 40. a6 1-0

[Event "leking-5"]
[Site "http://www.queenalice.com/game.php?id=1140767"]
[Date "2013.1.14"]
[Round "1"]
[White "leking"]
[Black "chouia"]
[Result "1-0"]
[WhiteElo "1672"]
[BlackElo "1770"]

1. e4 g6 2. d4 Bg7 3. Nf3 d6 4. Nc3 Bg4 5. Be2 Nc6 6. d5 Ne5 7. Nxe5 Bxe2 8.
Nxf7 Kxf7 9. Qxe2 Nf6 10. O-O Rf8 11. Bf4 Nh5 12. Bd2 Kg8 13. Nd1 Rc8 14. c3 c5
15. dxc6 Rxc6 16. Ne3 Be5 17. Ng4 Bf4 18. Rad1 Bxd2 19. Rxd2 Nf4 20. Qe3 Qa5 21.
f3 Qxa2 22. Nf2 Qf7 23. Nd3 Nxd3 24. Rxd3 Ra6 25. Rdd1 1-0